000 00439nam a2200181Ia 4500
001 25024
005 20260414151122.0
008 260414t1985||||xx |||||||||||||| ||spa||
041 _aESP
082 _a346.1
_bP49
100 _aPeyrano, Jorge W.
_eAUT
245 0 _aInstituciones atípicas en derecho privado
_b
260 _c1985
300 _a281 páginas :
_c23 cm.
650 _aDER
654 _aCDE
942 _cLIB
_dJUS
_fJUS
_2ddc
_n
999 _c25024
_d25024